00485cam a22001457a 4500008004000000082001500040100001700055245014200072250001200214260003200226300001000258650002500268650002100293700002500314180718b1981 xxu||||| |||| 00| 0 eng d aR1x54 P214 aPareek, Udai aDesigning and managing human resource systems with special emphasis on human resource developmentcby Udai Pareek and T. Venkateswara Rao a2nd ed. aDelhibOxford and IBHc1981 a347p. aPersonnel management aManpower - India aRao, T. Venkateswara